000 00696nam a2200289Ia 4500
005 20260324123702.0
008 008 260324s9999 xx 000 0 eng d
020 _a9780203808740
037 _aEBOOK
040 _aCRL
040 _beng
040 _cCRL
041 _2eng
041 _aeng
084 _qCRL
100 _aDavid M. Black
_91147873
245 0 _aWhy Things Matter
245 4 _bThe Place of Values in Science, Psychoanalysis and Religion
260 _bTaylor and Francis
260 _c2011
365 _a
365 _b195
856 _uhttp://www.taylorfrancis.com/books/9780203808740
942 _cEBOOK
999 _c1764987
_d1764987